000 00465nam a2200181Ia 4500
001 16974
005 20260306170350.0
008 260306t2013||||xx |||||||||||||| ||und||
041 _aESP
082 _a657.32
_bV35
100 _aVázquez Carrillo, Nitzia
_eAUT
245 0 _aNormas internacionales de información financiera (NIIF-IFRS)
260 _c2013
300 _a335 páginas :
_c23 cm.
650 _aGEN
654 _aCCO
942 _cLIB
_dJUS
_fJUS
_2ddc
_n
999 _c16974
_d16974